<?xml version="1.0" encoding="UTF-8"?><?xml-stylesheet type="text/xsl" href="static/style.xsl"?><OAI-PMH xmlns="http://www.openarchives.org/OAI/2.0/" xmlns:xsi="http://www.w3.org/2001/XMLSchema-instance" xsi:schemaLocation="http://www.openarchives.org/OAI/2.0/ http://www.openarchives.org/OAI/2.0/OAI-PMH.xsd"><responseDate>2026-04-17T12:55:18Z</responseDate><request verb="GetRecord" identifier="oai:www.recercat.cat:2445/175474" metadataPrefix="marc">https://recercat.cat/oai/request</request><GetRecord><record><header><identifier>oai:recercat.cat:2445/175474</identifier><datestamp>2025-12-05T05:53:30Z</datestamp><setSpec>com_2072_1057</setSpec><setSpec>col_2072_478808</setSpec><setSpec>col_2072_478917</setSpec><setSpec>col_2072_478935</setSpec></header><metadata><record xmlns="http://www.loc.gov/MARC21/slim" xmlns:dcterms="http://purl.org/dc/terms/" xmlns:xsi="http://www.w3.org/2001/XMLSchema-instance" xmlns:doc="http://www.lyncode.com/xoai" xsi:schemaLocation="http://www.loc.gov/MARC21/slim http://www.loc.gov/standards/marcxml/schema/MARC21slim.xsd">
   <leader>00925njm 22002777a 4500</leader>
   <datafield ind2=" " ind1=" " tag="042">
      <subfield code="a">dc</subfield>
   </datafield>
   <datafield ind2=" " ind1=" " tag="720">
      <subfield code="a">Arcarons i Bullich, Jordi</subfield>
      <subfield code="e">author</subfield>
   </datafield>
   <datafield ind2=" " ind1=" " tag="720">
      <subfield code="a">Raventós, Daniel</subfield>
      <subfield code="e">author</subfield>
   </datafield>
   <datafield ind2=" " ind1=" " tag="720">
      <subfield code="a">Torrens, Lluís</subfield>
      <subfield code="e">author</subfield>
   </datafield>
   <datafield ind2=" " ind1=" " tag="260">
      <subfield code="c">2021-03-21T22:14:12Z</subfield>
   </datafield>
   <datafield ind2=" " ind1=" " tag="260">
      <subfield code="c">2021-03-21T22:14:12Z</subfield>
   </datafield>
   <datafield ind2=" " ind1=" " tag="260">
      <subfield code="c">2020</subfield>
   </datafield>
   <datafield ind2=" " ind1=" " tag="260">
      <subfield code="c">2021-03-21T22:14:12Z</subfield>
   </datafield>
   <datafield ind2=" " ind1=" " tag="520">
      <subfield code="a">En este artículo se ofrece una visión general de cómo podría financiarse una Renta Básica en el Reino de España. Ante todo, se ofrece un repaso de los distintos modelos que se conocen con tal propósito. Se hace hincapié en el tipo de información que permite sustentar dichos modelos, y se pone especial énfasis en las ventajas e inconvenientes que puede generar la utilización de dicha información. Se describen los principales análisis que se desprenden de la aplicación de dichos modelos de financiación. Se justifica una reforma tributaria del IRPF, eje central de la financiación de la propuesta de Renta Básica, junto con una propuesta de implementación de un impuesto sobre la riqueza, que complementaría esa financiación. Por último, a través de un supuesto concreto se analiza los efectos sobre: la desigualdad y la redistribución de la renta, la pobreza y los grupos de ganadores y perdedores, al comparar la situación sin modelo de Renta Básica (ex-ante) y con modelo de Renta Básica (ex-post). This article provides an overview of how a Basic Income could be financed in the Kingdom of Spain. First of all, it offers a review of the different models known for this purpose. Emphasis is placed on the type of information which allows these models to be supported, and special focus is placed on the advantages and disadvantages which can be generated by the use of this information. The main analyses arising from the application of these financing models are described. A reform of personal income tax, the central axis of the financing of the Basic Income proposal, is justified, together with a proposal for the implementation of a wealth tax, which would complement this financing. Finally, through a concrete assumption, the effects on inequality and redistribution of income, poverty and groups of winners and losers are analysed by comparing the situation without the Basic Income model (exante) and with the Basic Income model (ex-post).</subfield>
   </datafield>
   <datafield tag="653" ind2=" " ind1=" ">
      <subfield code="a">Renda bàsica</subfield>
   </datafield>
   <datafield tag="653" ind2=" " ind1=" ">
      <subfield code="a">Finançament</subfield>
   </datafield>
   <datafield tag="653" ind2=" " ind1=" ">
      <subfield code="a">Guaranteed annual income</subfield>
   </datafield>
   <datafield tag="653" ind2=" " ind1=" ">
      <subfield code="a">Funding</subfield>
   </datafield>
   <datafield ind2="0" ind1="0" tag="245">
      <subfield code="a">Modelos de financiación para una renta básica</subfield>
   </datafield>
</record></metadata></record></GetRecord></OAI-PMH>